Geography Quiz

Random Geography or Asia Quiz

Asia by Five Letters Quiz Stats

Quiz Updated Sep 29, 2017

Challenge
Share
Tweet
Score 0/45 Timer 05:00
3 Plays Today
% Correct
Russia
90.3%
China
90.3%
India
89.9%
Japan
89.5%
Mongolia
87.6%
Turkey
85.7%
Taiwan
83.1%
North Korea
83%
Philippines
81.6%
Nepal
81.2%
Maldives
80.6%
Vietnam
80.4%
Pakistan
77.9%
South Korea
77.5%
Kazakhstan
77.5%
Malaysia
76.6%
Indonesia
75.7%
Thailand
75.2%
Syria
74.5%
Cambodia
73.1%
Bhutan
72.8%
Myanmar
72.6%
Yemen
70.9%
% Correct
Kuwait
70.5%
Israel
69.9%
Jordan
68.7%
Singapore
67.4%
Afghanistan
66.6%
Georgia
66.6%
Saudi Arabia
66.1%
Armenia
65.7%
Qatar
65.5%
Bangladesh
65.5%
Lebanon
65.2%
Brunei
64.1%
Azerbaijan
60.6%
Sri Lanka
59.9%
Uzbekistan
58.2%
Bahrain
57.6%
Tajikistan
57.6%
Turkmenistan
57.2%
Kyrgyzstan
57.1%
Palestine
57.1%
UAE
46%
Timor-Leste
44.1%

You're not logged in!

Compare scores with friends on all Sporcle quizzes.
Sign Up with Email
OR
Log In

You Might Also Like...

Show Comments

Extras

Top Quizzes Today


Score Distribution

Your Account Isn't Verified!

In order to create a playlist on Sporcle, you need to verify the email address you used during registration. Go to your Sporcle Settings to finish the process.